Normal view
MARC view
Entry Personal Name
001 - CONTROL NUMBER
- control field: 57654
003 - CONTROL NUMBER IDENTIFIER
- control field: OSt
005 - DATE AND TIME OF LATEST TRANSACTION
- control field: 20251104162626.0
008 - FIXED-LENGTH DATA ELEMENTS
- fixed length control field: 251104|| aca||aabn | a|a d
040 ## - CATALOGING SOURCE
- Original cataloging agency: OSt
- Transcribing agency: OSt
100 ## - HEADING--PERSONAL NAME
- Personal name: Kolge, N., Debnath, B. and Lenin, C.C.
670 ## - SOURCE DATA FOUND
- Source citation: Work cat.: (OSt)527466: Kolge, N., Debnath, B. and Lenin, C.C. , Gandhi’s Satyagraha in South Africa: A less than accurate account of Gandhi’s struggle in south Africa
